|
|
|
|
| LEADER |
00000nab a2200000 a 4500 |
| 001 |
vtls000621662 |
| 003 |
SK-MaSNL |
| 005 |
20260302200936.0 |
| 008 |
140228c1997 xo 0 slo |
| 015 |
|
|
|a SNBRB19rr/mm-uuuuu
|
| 035 |
|
|
|a CL0621801
|
| 040 |
|
|
|a SNKBUCL
|b slo
|c SNKBUCL
|e AACR2
|
| 041 |
0 |
|
|a slo
|
| 044 |
|
|
|a xo
|c SK
|
| 080 |
|
|
|a 338.1(437.6):36(437.6):331.881(437.6)
|2 1981
|
| 080 |
|
|
|a 36(437.6)
|2 1981
|
| 080 |
|
|
|a 331.881(437.6)
|2 1981
|
| 100 |
1 |
|
|a Saktor, Ivan,
|d 1954-2021
|4 aut
|9 209061
|
| 245 |
1 |
0 |
|a Ivan Saktor: Nechceme konfrontáciu, ale dohodu
|c Ivan Saktor
|
| 300 |
|
|
|b Fotogr. 1
|
| 650 |
0 |
7 |
|a ekonomika
|2 snkbucl
|9 789
|
| 650 |
0 |
7 |
|a sféra sociálna
|2 snkbucl
|9 841085
|
| 650 |
0 |
7 |
|a Konfederácia odborových zväzov Slovenskej republiky
|2 snkbucl
|9 893788
|
| 655 |
|
7 |
|a články z novín a časopisov
|2 snkbucl
|9 267496
|
| 773 |
0 |
|
|t Hospodárske noviny
|g Roč. 5, č. 58 (25. 3. 1997), s. 7
|x 0862-9567
|
| 850 |
|
|
|a Slovenská národná knižnica v Martine
|a MTA001
|
| 852 |
|
|
|a SNK
|b KIS3GCP
|
| 958 |
|
|
|a SK
|
| 958 |
|
|
|a RK
|
| 992 |
|
|
|a RBX
|
| 999 |
|
|
|c 1458968
|d 1460898
|